|
|
|
|
| LEADER |
00653nab a2200169 i 4500 |
| 001 |
misc72734 |
| 005 |
20231116101023.0 |
| 008 |
231116s1987 hu o 000 hun d |
| 022 |
|
|
|a 0133-2953
|
| 040 |
|
|
|a SZTE Miscellanea Repozitórium
|b hun
|
| 041 |
|
|
|a hun
|
| 245 |
0 |
0 |
|a Szent-Györgyi Albert-emlékülés Szegeden
|h [elektronikus dokumentum]
|
| 260 |
|
|
|a Csongrád megyei Lapkiadó Vállalat
|c 1987-09-02
|
| 300 |
|
|
|a 1
|
| 490 |
0 |
|
|a Csongrád Megyei Hírlap: az MSZMP Csongrád Megyei Bizottságának lapja
|v 44 No. 206
|
| 561 |
|
|
|a Szent-Györgyi Albertről szóló irodalom
|
| 856 |
4 |
0 |
|u http://misc.bibl.u-szeged.hu/72734/1/szgya_1987_064.pdf
|z Dokumentum-elérés
|